000 00580nam a2200217Ia 4500
003 OSt
005 20220928145735.0
006 a|||||r|||| 00| 0
007 ta
008 220927b |||||||| |||| 00| 0 eng d
024 _a83001
037 _cTextual
040 _aSDCL
_cSDCL
_beng
041 _2eng
_aeng
082 _aX:513-8E, M9
100 _aBroadbent Simon
_9491174
245 0 _aAdvertising budget
_b The advertiser's guide to budget determination
260 _c1989
942 _hX:513-8E, M9
_cTEXL
_2CC
999 _c835419
_d835419